| 000 | 00888cam a2200301 4500 | ||
|---|---|---|---|
| 001 | ABS66963 | ||
| 008 | 030820n2003 000 0 eng u | ||
| 035 | _a(Sirsi) u123304 | ||
| 245 | _aFocus 2003: East Midlands update | ||
| 260 | _c2003 | ||
| 490 |
_aEstates Gazette _v(0330) 26 July 2003, 91-105(9) |
||
| 590 | _aABS | ||
| 650 | _aEAST MIDLANDS | ||
| 650 | _aLEICESTER | ||
| 650 | _aDERBY | ||
| 650 | _aNORTHAMPTON | ||
| 650 | _aBOSTON | ||
| 650 | _aSPALDING | ||
| 650 | _aREGENERATION | ||
| 650 | _aAGENTS | ||
| 650 | _aNOTTINGHAM | ||
| 650 | _aINDUSTRIAL MARKET | ||
| 650 | _aPROPERTY-COMMERCIAL PROPERTY-RETAIL PROPERTY-RETAIL PROPERTY MARKET | ||
| 650 | _aPROPERTY-COMMERCIAL PROPERTY-OFFICE PROPERTY-OFFICE PROPERTY MARKET | ||
| 650 | _aCAREERS, EDUCATION AND TRAINING | ||
| 690 | _aPROPERTY-COMMERCIAL PROPERTY-COMMERCIAL PROPERTY MARKET | ||
| 942 | _n0 | ||
| 999 |
_c73242 _d73242 |
||